| 000 | 00417nam a2200181Ia 4500 | ||
|---|---|---|---|
| 005 | 20260611121659.0 | ||
| 008 | 131103s9999 xx 000 0 und d | ||
| 040 | _aLoreto College | ||
| 041 | _aEnglish | ||
| 082 | _a842 | ||
| 100 | _aRacine,J | ||
| 245 |
_aEsther _b Tragedie _cJ Racine |
||
| 260 |
_aParis _bLibrairie _c1910 |
||
| 300 | _avi,180p. | ||
| 650 | _aFrench drama | ||
| 850 | _aLCLIB | ||
| 942 | _cBK | ||
| 999 |
_c23992 _d74471 |
||